000 00661nam a2200241Ia 4500
003 OSt
005 20221005041756.0
006 a|||||r|||| 00| 0
007 ta
008 221004b |||||||| |||| 00| 0 eng d
024 _a19559
037 _cTextual
040 _aCRL
_cCRL
_beng
041 _2eng
_aeng
082 _aP111k, 152N1 (RR)
100 _aPuri S K Ed
_9589978
245 0 _aNew Cambridge dictionary
_b English-English-Hindi.
260 _aDelhi
_bSahni India
_c1991
300 _a1360 p
_ccm.
650 _aLINGUISTICS
942 _hP111k, 152N1 (RR)
_cTEXL
_2cc
999 _c949027
_d949027